000 01409cam a2200169 4500500
005 20260426010521.0
041 _afre
042 _adc
100 1 0 _aPoivre, Jean-Noël
_eauthor
245 0 0 _aDanielle Ellul, Odile Flichy, Apprendre le grec biblique par les textes, Paris, Cerf, coll. Outils bibliques, 2004. 24,5 cm. 345 p. + CD-ROM. ISBN 2-204-07272-9. € 29
260 _c2005.
500 _a67
520 _aLe discours que Paul développe au sujet des femmes dans 1 Co 14, 34-35 peut-il être lu autrement que comme une légitimation du patriarcalisme ? En resituant le propos de Paul dans le contexte plus large des versets 20-40, Nicola Kontzi-Méresse* soutient que l’injonction au silence possède une pertinence théologique et spirituelle dissociable du thème de la soumission des femmes.
520 _aCould Paul’s speech about women (in 1 Corinthians 14:34-35) be read differently from the usual patriarchal viewpoint? By examining Paul’s utterance in the larger context of verses 20-40, Nicola Kontzi-Méresse argues that the order to be silent has a theological and spiritual relevance that can be separated from the theme of female submission.
786 0 _nÉtudes théologiques et religieuses | 80 | 2 | 2005-06-01 | p. 279b-280b | 0014-2239
856 4 1 _uhttps://shs.cairn.info/revue-etudes-theologiques-et-religieuses-2005-2-page-279b?lang=fr&redirect-ssocas=7080
999 _c2222481
_d2222481